000 00877nam0a2200289 4500
001 RU\NLR\bibl\545088
005 20250609154945.0
010 _a5-89694-048-3
_9200
021 _aRU
_b2004-40121
_91994
035 _a(NLR Aleph) 000537305
090 _a1390835
_c1390835
100 _a20040816d2004 |||y0rusy50 ca
101 0 _arus
102 _aRU
105 _aa |||||||||
200 1 _aКукушкины хороводы
_eСтихи для детей
_fВалентина Турта
210 _aНаходка
_cИн-т технологии и бизнеса
_d2004
215 _a36 с.
_cил., портр.
_d21
686 _aШ9(2)60=Р7-5
700 1 _aТурта
_bВ. А.
_gВалентина А.
_4070
801 0 _aRU
_bNLR
_c20040816
_gPSBO
801 1 _aRU
_bNLR
_c20040816
942 _cBOOK
980 _aNB
980 _aNBR